Statistiques concernant Les Rois Targaryens

Cliquez ici pour prendre le quiz!

Statistiques générales

  • Ce quiz a été pris 40 fois
  • Le résultat moyen est 15 sur 20

Statistiques - réponses

Dates de règne Roi ou Reine % Correct
1-37Aegon I Targaryen "Le Concquérant"
92%
129-131Aegon II Targaryen
92%
233-259Aegon V Targaryen "L'Invraisemblable"
92%
131-157Aegon III Targaryen
92%
171-184Aegon IV Targaryen "L'Indigne"
92%
n'a pas régné, a été exilé à la Garde de NuitAegon VI Targaryen "Jon Snow"
92%
103-129Viserys I Targaryen
80%
171-172Viserys II Targaryen
80%
n'a pas régné, a été chassé à la mort de son pèreViserys III "Le Roi Gueux"
80%
209-221Aerys I Targaryen
76%
262-283Aerys II Targaryen "Le Roi Fou"
76%
a brièvement régné en 305 (dans la série)Daenerys Targaryen "La Mère des Dragons"
76%
42-48Maegor I Targaryen "Le Cruel"
72%
161-171Baelor I Targaryen "Le Bienheureux"
60%
37-42Aenys I Targaryen
60%
221-233Maekar I Targaryen
56%
48-103Jaehaerys I Targaryen "Le Conciliateur"
52%
157-161Daeron I Targaryen
52%
184-209Daeron II Targaryen
52%
259-262Jaehaerys II Targaryen
52%

Distribution des résultats

Percentile par nombre de réponses

% des personnes avec chaque résultat

Votre développement - résultats

Vous n’avez pas pris ce quiz